<?xml version="1.0" encoding="UTF-8"?>
<record
    xmlns:xsi="http://www.w3.org/2001/XMLSchema-instance"
    xsi:schemaLocation="http://www.loc.gov/MARC21/slim http://www.loc.gov/standards/marcxml/schema/MARC21slim.xsd"
    xmlns="http://www.loc.gov/MARC21/slim">

  <leader>01069nam a22001817a 4500</leader>
  <controlfield tag="008">111027t        xxu||||| |||| 00| 0 eng d</controlfield>
  <datafield tag="020" ind1=" " ind2=" ">
    <subfield code="a">0073040770</subfield>
  </datafield>
  <datafield tag="050" ind1=" " ind2=" ">
    <subfield code="a">GB5014.A24</subfield>
  </datafield>
  <datafield tag="100" ind1=" " ind2=" ">
    <subfield code="a">Abbott Patrick L.</subfield>
  </datafield>
  <datafield tag="245" ind1=" " ind2=" ">
    <subfield code="a">Natural disasters /</subfield>
    <subfield code="c">Patrick L. Abbott</subfield>
  </datafield>
  <datafield tag="250" ind1=" " ind2=" ">
    <subfield code="a">5th ed.</subfield>
  </datafield>
  <datafield tag="260" ind1=" " ind2=" ">
    <subfield code="a">Boston:</subfield>
    <subfield code="b">McGraw-Hill,</subfield>
    <subfield code="c">c2006.</subfield>
  </datafield>
  <datafield tag="300" ind1=" " ind2=" ">
    <subfield code="a">xvii,496p.:</subfield>
    <subfield code="b">illus</subfield>
    <subfield code="c">28cm.</subfield>
  </datafield>
  <datafield tag="500" ind1=" " ind2=" ">
    <subfield code="a">Includes index.</subfield>
  </datafield>
  <datafield tag="505" ind1=" " ind2=" ">
    <subfield code="a">Contents: Natural disasters and the human population -- Energy flows in earth history and natural disasters -- Plate tectonics and earthquakes -- Basic principles of earthquake geology, seismology, and tsunami -- Some earthquakes in Western North America -- More U.S. and Canadian earthquakes -- Volcanic eruptions: plate tectonics and magmas -- Volcano case histories: Killer events -- Mass movements -- Atmosphere, oceans, and long-term climate change -- Short-term climate change and severe weather -- Hurricanes and the coastline -- Floods -- Fire -- The Great dyings -- Impacts with space objects.</subfield>
  </datafield>
  <datafield tag="650" ind1=" " ind2=" ">
    <subfield code="a">Natural disasters</subfield>
  </datafield>
  <datafield tag="942" ind1=" " ind2=" ">
    <subfield code="2">lcc</subfield>
    <subfield code="c">BK</subfield>
  </datafield>
  <datafield tag="999" ind1=" " ind2=" ">
    <subfield code="c">193</subfield>
    <subfield code="d">7693</subfield>
  </datafield>
  <datafield tag="952" ind1=" " ind2=" ">
    <subfield code="0">0</subfield>
    <subfield code="1">0</subfield>
    <subfield code="2">lcc</subfield>
    <subfield code="4">0</subfield>
    <subfield code="7">0</subfield>
    <subfield code="a">WIUC-1</subfield>
    <subfield code="b">WIUC-1</subfield>
    <subfield code="c">GEN</subfield>
    <subfield code="d">2011-10-27</subfield>
    <subfield code="l">0</subfield>
    <subfield code="o">GB5014.A24</subfield>
    <subfield code="p">490/11</subfield>
    <subfield code="r">2011-10-27 00:00:00</subfield>
    <subfield code="t">1</subfield>
    <subfield code="w">2011-10-27</subfield>
    <subfield code="y">BK</subfield>
  </datafield>
  <datafield tag="952" ind1=" " ind2=" ">
    <subfield code="0">0</subfield>
    <subfield code="1">0</subfield>
    <subfield code="2">lcc</subfield>
    <subfield code="4">0</subfield>
    <subfield code="7">0</subfield>
    <subfield code="a">WIUC-1</subfield>
    <subfield code="b">WIUC-1</subfield>
    <subfield code="c">GEN</subfield>
    <subfield code="d">2011-10-27</subfield>
    <subfield code="l">0</subfield>
    <subfield code="o">GB5014.A241</subfield>
    <subfield code="p">491/11</subfield>
    <subfield code="r">2011-10-27 00:00:00</subfield>
    <subfield code="t">2</subfield>
    <subfield code="w">2011-10-27</subfield>
    <subfield code="y">BK</subfield>
  </datafield>
  <datafield tag="952" ind1=" " ind2=" ">
    <subfield code="0">0</subfield>
    <subfield code="1">0</subfield>
    <subfield code="2">lcc</subfield>
    <subfield code="4">0</subfield>
    <subfield code="7">0</subfield>
    <subfield code="a">WIUC-1</subfield>
    <subfield code="b">WIUC-1</subfield>
    <subfield code="c">GEN</subfield>
    <subfield code="d">2011-10-27</subfield>
    <subfield code="l">0</subfield>
    <subfield code="o">GB5014.A242</subfield>
    <subfield code="p">492/11</subfield>
    <subfield code="r">2011-10-27 00:00:00</subfield>
    <subfield code="t">3</subfield>
    <subfield code="w">2011-10-27</subfield>
    <subfield code="y">BK</subfield>
  </datafield>
  <datafield tag="952" ind1=" " ind2=" ">
    <subfield code="0">0</subfield>
    <subfield code="1">0</subfield>
    <subfield code="2">lcc</subfield>
    <subfield code="4">0</subfield>
    <subfield code="7">0</subfield>
    <subfield code="a">WIUC-1</subfield>
    <subfield code="b">WIUC-1</subfield>
    <subfield code="c">GEN</subfield>
    <subfield code="d">2011-10-27</subfield>
    <subfield code="l">0</subfield>
    <subfield code="o">GB5014.A243</subfield>
    <subfield code="p">493/11</subfield>
    <subfield code="r">2011-10-27 00:00:00</subfield>
    <subfield code="t">4</subfield>
    <subfield code="w">2011-10-27</subfield>
    <subfield code="y">BK</subfield>
  </datafield>
</record>
